Materials science and engineering (Record no. 5171)

MARC details
000 -LEADER
fixed length control field 00504nam a2200169Ia 4500
003 - CONTROL NUMBER IDENTIFIER
control field SGT
020 ## - INTERNATIONAL STANDARD BOOK NUMBER
International Standard Book Number 9788120324558
082 ## - DEWEY DECIMAL CLASSIFICATION NUMBER
Classification number 620.11205
Item number RAG
100 ## - MAIN ENTRY--PERSONAL NAME
Personal name Raghavan,V
245 ## - TITLE STATEMENT
Title Materials science and engineering
250 ## - EDITION STATEMENT
Edition statement 5th Ed.
260 ## - PUBLICATION, DISTRIBUTION, ETC. (IMPRINT)
Name of publisher, distributor, etc PHI Learning Private Limited
Place of publication, distribution, etc New Delhi
Year of Publication 2008
300 ## - PAGE DESCRIPTION
No. of Pages 438p.
650 ## - SUBJECT ADDED ENTRY--TOPICAL TERM
Topical term or geographic name as entry element MECHANICAL ENGINEERING
653 ## - KEYWORDS--INDEX TERM
Keyword term EQUILIBRIUM AND KINETICS, CRYSTAL GEOMETRY AND STRUCTURE DETERMINATION,STRUCTURE OF SOLIDS,PHASE DIAGRAMS
942 ## - ADDED ENTRY ELEMENTS (KOHA)
Source of classification or shelving scheme Dewey Decimal Classification
Koha item type Books
942 ## - ADDED ENTRY ELEMENTS (KOHA)
-- 1
Holdings
Withdrawn status Lost status Source of classification or shelving scheme Damaged status Not for loan Home library Current library Date acquired SGTU Total Checkouts Total Renewals Full call number Accession No. (Barcode) Date last seen Date last borrowed Bill Date Koha item type
    Dewey Decimal Classification     SGT Engineering Library SGT Engineering Library 24/06/2011 SGTU 11 3 620.11205 RAG FE3047 18/11/2019 18/11/2019 09/02/2015 Books
    Dewey Decimal Classification     SGT Engineering Library SGT Engineering Library 24/06/2011 SGTU 7 1 620.11205 RAG FE3048 06/12/2023 20/09/2023 09/02/2015 Books
    Dewey Decimal Classification     SGT Engineering Library SGT Engineering Library 24/06/2011 SGTU     620.11205 RAG FE3049 09/02/2015   09/02/2015 Books
    Dewey Decimal Classification     SGT Engineering Library SGT Engineering Library 24/06/2011 SGTU 8 3 620.11205 RAG FE3050 29/11/2019 26/11/2019 09/02/2015 Books
    Dewey Decimal Classification     SGT Engineering Library SGT Engineering Library 24/06/2011 SGTU 7 1 620.11205 RAG FE3051 05/12/2018 30/11/2018 09/02/2015 Books